| 000 | 00674pam a2200229 a 4500 | ||
|---|---|---|---|
| 001 | 4470178 | ||
| 005 | 20121003154200.0 | ||
| 008 | 960327s1997 njua b 001 0 eng | ||
| 020 | _a0132135132 | ||
| 020 | _a9780132135139 | ||
| 082 | 0 | 0 |
_a627 _222 _bSIM |
| 100 | 1 |
_aSimon, Andrew L. _931061 |
|
| 245 | 1 | 0 |
_aHydraulics / _cAndrew L. Simon, Scott F. Korom. |
| 250 | _a4th ed. | ||
| 260 |
_aUpper Saddle River, NJ : _bPrentice Hall, _c1997. |
||
| 300 |
_axii, 445 p. : _bill. ; _c24 cm. |
||
| 504 | _aIncludes bibliographical references and index. | ||
| 650 | 0 |
_aHydraulics. _931062 |
|
| 653 |
_bCiv _cOctober2012 |
||
| 700 | 1 |
_aKorom, Scott F. _931063 |
|
| 942 |
_2ddc _cBB |
||
| 999 |
_c17057 _d17029 |
||